| 000 | 00864nac a22002777a 4500 | ||
|---|---|---|---|
| 001 | BR4500106 | ||
| 003 | BR-BrBNA | ||
| 005 | 20240105112838.0 | ||
| 008 | 230509b bl.|||m| |||| 00| 0 por d | ||
| 040 |
_aBR-BrBNA _bpor _cBiblioteca Nacional de Agricultura |
||
| 072 | _aE10; E50 | ||
| 090 | _aE10 BR4500106 | ||
| 100 | 1 | _aCarvalho, P.P. de | |
| 245 | 1 | _aDiretrizes para uma politica rural e economica [Terra; Trabalhador rural; Reforma agraria; Brasil] | |
| 260 | 3 |
_aSao Paulo, SP (Brasil): _bEd. Brasiliense, _c1945. |
|
| 300 | _a94 p. | ||
| 490 |
_aColecao Problemas Brasileiros (Brazil) _vv. 1 _x |
||
| 650 | _aSOCIOLOGIA RURAL | ||
| 650 | _aTERRA | ||
| 650 | _aTRABALHADOR RURAL | ||
| 650 | _aREFORMA AGRARIA | ||
| 650 | _aPOLITICA AGRICOLA | ||
| 650 | _aECONOMIA | ||
| 909 |
_a202312 _bLúcia Elande _c55 _dLúcia Elande |
||
| 942 |
_2AGRIS _n0 _cMS |
||
| 999 |
_c260576 _d260576 |
||